El 'Llibre Blanch' de Santas Creus : cartulario del siglo XII / edición a cargo de Federico Udina Martorell cartulario del siglo XII / edición a cargo de Federico Udina Martorell
Publicado:
Barcelona :
Consejo Superior de Investigaciones Científicas. Escuela de Estudios Medievales ,
1947
Descripción Física:
LIII, 450 p. ; 25 cm
Colección:
Textos y estudios de la Corona de Aragón ; 9
Otros Autores:
Udina i Martorell, Frederic, 1914-2011
MARC
| LEADER | 00000nam a2200000Ia 4500 | ||
|---|---|---|---|
| 001 | 9123 | ||
| 003 | BGR | ||
| 005 | 20260324175316.0 | ||
| 008 | 160829s1947 xx 000 0 cat d | ||
| 080 | |a H-1-292 | ||
| 245 | |a El 'Llibre Blanch' de Santas Creus : |b cartulario del siglo XII / edición a cargo de Federico Udina Martorell | ||
| 260 | |a Barcelona : |b Consejo Superior de Investigaciones Científicas. Escuela de Estudios Medievales, |c 1947 | ||
| 300 | |a LIII, 450 p. ; |c 25 cm | ||
| 490 | |a Textos y estudios de la Corona de Aragón ; 9 | ||
| 590 | |a Textos en castellà i llatí. | ||
| 590 | |a Referències bibliogràfiques. | ||
| 590 | |a Índexs | ||
| 650 | |a Llibre Blanch del Monestir de Santes Creus |9 26036 | ||
| 650 | |a Santes Creus (Monestir) |x Història |x Fonts |9 45456 | ||
| 650 | |a Manuscrits |x Santes Creus (Monestir) I |9 26038 | ||
| 650 | |a Cartularis |9 37706 | ||
| 700 | 1 | |a Udina i Martorell, Frederic, |d 1914-2011 |e editor literari |9 35690 | |
| 710 | 2 | |a Consejo Superior de Investigaciones Científicas (CSIC) (Espanya) |9 53988 | |
| 710 | 1 | |a Escuela de Estudios Medievales (Madrid) |9 70823 | |
| 901 | |a Arxiu | ||
| 942 | |n 1 |2 udc |c MON | ||
| 952 | |0 0 |1 0 |4 0 |6 H1292 |7 1 |9 43863 |a Arxiu |b Arxiu |d 2016-12-01 |l 0 |o H-1-292 |p 9123 |r 2016-12-01 00:00:00 |w 2016-12-01 |y ARXIU | ||
| 999 | |c 46442 |d 46442 | ||